00589nam a22001817a 4500008004100000020001700041041000800058080001000066100003000076245008800106250003300194260003700227300003500264650003000299700002300329700003200352700002300384151007b xxu||||| |||| 00| 0 eng d a 20030575780 aeng a649.11 aMurkoff, Heidi Eisenberg.10aWhat to expect the first year /cHeidi Murkoff, Arlene Eisenberg & Sandee Hathaway. a[2nd ed., rev. and updated]. aNew York :bWorkman Pub.,c2003. axxv, 806 f. :bme il.;c24 cm. 0aKujdesi ndaj fëmijëve aEisenberg, Arlene. aHathaway, Sandee Eisenberg. aEisenberg, Arlene.